| 000 | 01361cam a22003374a 4500 | ||
|---|---|---|---|
| 001 | 13915715 | ||
| 003 | OSt | ||
| 005 | 20160229103708.0 | ||
| 008 | 050330s2005 nyua b 001 0deng | ||
| 010 | _a 2005044123 | ||
| 020 | _a0743258207 | ||
| 040 | _aSEKU | ||
| 042 | _apcc | ||
| 050 | 0 | 0 |
_aQA 174.2 _b.L58 2005 |
| 100 | 1 |
_aLivio, Mario, _d1945- |
|
| 245 | 1 | 4 |
_aThe equation that couldn't be solved : _bhow mathematical genius discovered the language of symmetry / _cMario Livio. |
| 260 |
_aNew York : _bSimon & Schuster, _cc2005. |
||
| 300 |
_ax, 353 p. : _bill. ; _c25 cm. |
||
| 504 | _aIncludes bibliographical references (p. [309-332] and index. | ||
| 600 | 1 | 0 |
_aGalois, Evariste, _d1811-1832. |
| 650 | 0 |
_aGroup theory _xHistory. |
|
| 650 | 0 |
_aGalois theory _xHistory. |
|
| 650 | 0 |
_aSymmetric functions _xHistory. |
|
| 650 | 0 |
_aSymmetry (Mathematics) _xHistory. |
|
| 650 | 0 |
_aDiophantine analysis _xHistory. |
|
| 856 | 4 | 2 |
_3Publisher description _uhttp://www.loc.gov/catdir/enhancements/fy0630/2005044123-d.html |
| 856 | 4 | 1 |
_3Table of contents only _uhttp://www.loc.gov/catdir/enhancements/fy0630/2005044123-t.html |
| 856 | 4 | 1 |
_3Sample text _uhttp://www.loc.gov/catdir/enhancements/fy0640/2005044123-s.html |
| 856 | 4 | 2 |
_3Contributor biographical information _uhttp://www.loc.gov/catdir/enhancements/fy1107/2005044123-b.html |
| 942 |
_2lcc _cGEN |
||
| 999 |
_c11585 _d11585 |
||